000 00721nam a2200217Ii 4500
003 JO-AjNU
008 230605s9999||||xx |||||||||||||| ||und||
017 _a1990/2/122
040 _aJO-AjNU
_bara
_erda
_cJO-AjNU
041 _aara
050 1 4 _aTS155. A3552 1990
100 3 _aتاليف عبدالله، غفيف شربف ، عطيو محمد عطية ,
_eauthor
_935038
245 0 0 _aادارة العمليات الانتاجية
250 _aط1
264 3 1 _aعمان:دار الفكر للنشر والتوزيع، 1990
300 _a172ص
336 _atext
_btxt
_2rdacontent
337 _aunmediated
_bn
_2rdamedia
338 _avolume
_bnc
_2rdacarrier
650 4 _aالانتاج- ادارة
_935039
999 _aA14425
_c17993
_d17993